000 00415nam a22001577a 4500
999 _c7464
_d7462
005 20210825105236.0
008 210219b ||||| |||| 00| 0 eng d
020 _a9780113230839
041 _aeng
100 _aMUKHERJEE, DR. PULOK K.
_96378
245 _aBRITISH PHARMACOPOEIA ,2021 [VOL-III]
260 _aLONDON
_bTHE STATIONARY OFFICE
_c2020
300 _aIII-1477, P
650 _aPHARMACY
_96590
942 _cBK